2025/26 Premier League, Football League and National League Teams - Statistics

General Stats
  • This quiz has been taken 5,748 times
    2,416 since last reset
  • The average score is 81 of 164
Answer Stats
League Team % Correct
Premier League Arsenal
96%
Premier League Liverpool
95%
Premier League Manchester City
95%
Premier League Manchester United
95%
Premier League Chelsea
94%
Premier League Tottenham Hotspur
93%
Premier League Aston Villa
92%
Premier League Newcastle United
92%
Premier League Wolverhampton Wanderers
92%
Premier League Brighton & Hove Albion
91%
Premier League Everton
91%
Premier League West Ham United
91%
Premier League Leeds United
90%
Premier League Nottingham Forest
90%
Premier League Sunderland
89%
Premier League AFC Bournemouth
88%
Premier League Crystal Palace
88%
Premier League Fulham
88%
Premier League Brentford
87%
Premier League Burnley
87%
Championship Leicester City
84%
Championship Southampton
84%
Championship Birmingham City
81%
Championship Ipswich Town
81%
Championship Norwich City
80%
Championship Sheffield United
79%
League One Cardiff City
78%
Championship Swansea City
78%
Championship Wrexham
78%
Championship Portsmouth
77%
Championship Sheffield Wednesday
77%
Championship Derby County
75%
Championship Oxford United
75%
League One Plymouth Argyle
75%
Championship Queens Park Rangers
75%
Championship West Bromwich Albion
75%
League One Luton Town
74%
Championship Blackburn Rovers
73%
Championship Hull City
73%
Championship Coventry City
71%
Championship Middlesbrough
71%
Championship Stoke City
71%
Championship Bristol City
70%
League One Blackpool
69%
Championship Watford
69%
League One AFC Wimbledon
67%
League One Bolton Wanderers
67%
Championship Millwall
67%
Championship Preston North End
66%
League One Reading
66%
League Two Bristol Rovers
65%
League Two Cambridge United
65%
Championship Charlton Athletic
65%
League One Huddersfield Town
64%
League One Barnsley
63%
League One Wigan Athletic
63%
League One Bradford City
62%
League Two Milton Keynes Dons
62%
National League North Chester
60%
League One Exeter City
60%
League Two Oldham Athletic
60%
League One Northampton Town
59%
League Two Notts County
59%
League Two Accrington Stanley
58%
League One Lincoln City
58%
National League York City
58%
League Two Swindon Town
57%
National League Carlisle United
56%
League One Doncaster Rovers
56%
League Two Newport County
56%
League Two Grimsby Town
55%
League One Wycombe Wanderers
55%
League One Peterborough United
54%
League Two Salford City
54%
League Two Colchester United
53%
League Two Tranmere Rovers
52%
League One Leyton Orient
51%
League One Port Vale
51%
League One Stockport County
51%
League Two Chesterfield
50%
League Two Gillingham
50%
League One Mansfield Town
50%
League One Rotherham United
50%
National League Yeovil Town
50%
League One Burton Albion
49%
League Two Crewe Alexandra
49%
National League Forest Green Rovers
49%
League Two Walsall
49%
League Two Cheltenham Town
48%
National League Southend United
48%
National League Morecambe
46%
League Two Crawley Town
45%
League Two Fleetwood Town
45%
National League Scunthorpe United
44%
League Two Shrewsbury Town
44%
League Two Barnet
43%
League Two Harrogate Town
43%
League One Stevenage
43%
League Two Bromley
42%
National League Hartlepool United
42%
League Two Barrow
41%
National League Rochdale
41%
National League North Macclesfield
38%
National League Sutton United
38%
National League South Dagenham & Redbridge
37%
National League South Dover Athletic
37%
National League South Bath City
36%
National League South Torquay United
36%
National League Truro City
36%
National League Gateshead
35%
National League Boston United
32%
National League FC Halifax Town
32%
National League North Hereford
31%
National League North Kidderminster Harriers
31%
National League Woking
31%
National League North Darlington
29%
National League South Maidstone United
28%
National League North Southport
28%
National League Altrincham
27%
National League Solihull Moors
27%
National League South Maidenhead United
25%
National League North AFC Fylde
24%
National League Boreham Wood
24%
National League Eastleigh
24%
National League South Slough Town
24%
National League South Eastbourne Borough
23%
National League North Scarborough Athletic
23%
National League Tamworth
23%
National League Braintree Town
22%
National League South Dorking Wanderers
22%
National League Aldershot Town
21%
National League Wealdstone
21%
National League South Ebbsfleet United
20%
National League North Oxford City
20%
National League South Worthing
20%
National League North AFC Telford United
19%
National League North King’s Lynn Town
19%
National League South Salisbury
19%
National League North South Shields
19%
National League South Weston-super-Mare
19%
National League North Chorley
18%
National League North Bedford Town
17%
National League Brackley Town
17%
National League North Marine
16%
National League South Farnborough
15%
National League South Hemel Hempstead Town
15%
National League South Enfield Town
14%
National League North Alfreton Town
13%
National League North Buxton
13%
National League South Chippenham Town
13%
National League North Curzon Ashton
13%
National League North Leamington
13%
National League North Merthyr Town
13%
National League North Spennymoor Town
13%
National League North Peterborough Sports
12%
National League South Hampton & Richmond Borough
11%
National League South Tonbridge Angels
11%
National League South Chelmsford City
10%
National League South Chesham United
10%
National League South Hornchurch
10%
National League South AFC Totton
9%
National League South Horsham
9%
National League North Radcliffe
9%
National League North Worksop Town
8%
No matching quizzes found
Score Distribution
Percent of People with Each Score
Percentile by Number Answered
Your Score History
You have not taken this quiz since the last reset